| 000 | 00739nam0a22002411 4500 | ||
|---|---|---|---|
| 001 | rc\2926074 | ||
| 005 | 20250529225505.0 | ||
| 035 | _a(NLR Aleph) 007075870 | ||
| 090 |
_a6427018 _c6427018 |
||
| 100 | _a20110816d1934 |||y0rusy50 ca | ||
| 101 | 0 | _arus | |
| 102 | _aRU | ||
| 105 | _aa z ||||| | ||
| 200 | 1 |
_aВ поход на микробов _eСтихи _fО. Шиль _gРис. Г. Крыловой |
|
| 210 |
_aКраснодар _cИЗОРОКК _d[1934] _gлит. Адыгнациздата |
||
| 215 |
_a[16] с. _cкрас. ил. _d21×15 см |
||
| 700 | 1 |
_aШиль _bО. |
|
| 702 | 1 |
_aКрылова _bГ. _4440 |
|
| 801 | 0 |
_aRU _bNLR _gpsbo |
|
| 801 | 1 |
_aRU _bELAR _2rusmarc |
|
| 852 |
_aNLR _j34-10/3723 |
||
| 942 | _cBOOK | ||
| 980 | _aNB | ||